Can I see your I.D.?: true stories of false identities (Record no. 140)

MARC details
000 -LEADER
fixed length control field 01096nam a2200229 a 4500
008 - FIXED-LENGTH DATA ELEMENTS--GENERAL INFORMATION
fixed length control field 150317s2011 ||||||||||||||||| || u
010 ## - LIBRARY OF CONGRESS CONTROL NUMBER
LC control number 2010011878
020 ## - INTERNATIONAL STANDARD BOOK NUMBER
International Standard Book Number 9780803733107
050 ## - LIBRARY OF CONGRESS CALL NUMBER
Classification number 001.9'5 BAR
100 ## - MAIN ENTRY--PERSONAL NAME
Personal name Barton, Chris
245 10 - TITLE STATEMENT
Title Can I see your I.D.?: true stories of false identities
Statement of responsibility, etc. by Chris Barton and Paul Hoppe
260 ## - PUBLICATION, DISTRIBUTION, ETC.
Place of publication, distribution, etc. New York:
Name of publisher, distributor, etc. Dial Books for Young Readers
Date of publication, distribution, etc. 2011
300 ## - PHYSICAL DESCRIPTION
Extent [vi], 121p. [12p.]: ill.
500 ## - GENERAL NOTE
General note Bibliography
505 ## -
-- Keron Thomas -- Pvt. Wakeman -- Ferdinand Waldo Demara, Jr. -- Solomon Perel -- Forrest Carter -- Princess Caraboo -- Ellen Craft -- John Howard Griffin -- Riley Weston -- Frank W. Abagnale, Jr. -- Afterwoord.
650 #0 - SUBJECT ADDED ENTRY--TOPICAL TERM
Topical term or geographic name entry element IDENTITY (PSYCHOLOGY)--CASE STUDIES--JUVENILE LITERATURE
650 #0 - SUBJECT ADDED ENTRY--TOPICAL TERM
Topical term or geographic name entry element IMPOSTERS AND IMPOSTURE--BIOGRAPHY--JUVENILE LITERATURE
650 #0 - SUBJECT ADDED ENTRY--TOPICAL TERM
Topical term or geographic name entry element FALSE PERSONATION--CASE STUDIES--JUVENILE LITERATURE
700 ## - ADDED ENTRY--PERSONAL NAME
Personal name Hoppe, Paul
995 ## -
-- AMERICAN CORNER
-- 0100019
-- CBU-DAG HAMMARSKJOLD INSTITUTE LIBRARY
-- 001.9'5 BAR
-- 1
-- AVAILABLE
-- Mar 17, 2015
-- 0100019
-- American Collection
999 ## -
-- 140
-- 140
Holdings
Withdrawn status Lost status Source of classification or shelving scheme Damaged status Not for loan Permanent Location Current Location Shelving location Date acquired Total Checkouts Full call number Barcode Date last seen Price effective from Koha item type
          CBU-DAG HAMMARSKJOLD INSTITUTE CBU-DAG HAMMARSKJOLD INSTITUTE   11/28/2022   001.9'5 BAR 0100019 11/28/2022 11/28/2022 MONOGRAPH